| 000 | 01456cam a22003735i 4500 | ||
|---|---|---|---|
| 999 |
_c28071 _d28042 |
||
| 001 | 16021292 | ||
| 003 | EG-ScBUE | ||
| 005 | 20200212145924.0 | ||
| 008 | 091214t20112011maua f b 001 0 eng d | ||
| 020 | _a9780205791224 (alk. paper) | ||
| 020 | _a0205791220 (alk. paper) | ||
| 035 | _a(OCoLC)ocn462909921 | ||
| 040 |
_aDLC _beng _erda _cDLC _dYDX _dYDXCP _dBWX _dCDX _dUKMGB _dDLC _dEG-ScBUE |
||
| 043 | _an-us--- | ||
| 082 | 0 | 4 |
_a327.73 _bHAS _222 |
| 100 | 1 |
_aHastedt, Glenn P., _d1950- _eauthor. |
|
| 245 | 1 | 0 |
_aAmerican foreign policy / _cGlenn P. Hastedt, James Madison University. |
| 250 | _aEighth edition. | ||
| 264 | 1 |
_aBoston, MA. : _bLongman / Pearson Education, _c[2011] |
|
| 264 | 4 | _cc2011 | |
| 300 |
_axviii, 398 pages : _billustrations ; _c23 cm |
||
| 336 |
_atext _btxt _2rdacontent |
||
| 337 |
_aunmediated _bn _2rdamedia |
||
| 338 |
_avolume _bnc _2rdacarrier |
||
| 504 | _aIncludes bibliographical references and index. | ||
| 651 | 7 |
_aUnited States _xForeign relations _vTextbooks. _2BUEsh |
|
| 651 | 7 |
_aUnited States _xForeign relations _y1945-1989 _vTextbooks. _2BUEsh |
|
| 651 | 7 |
_aUnited States _xForeign relations _y1989- _vTextbooks. _2BUEsh |
|
| 651 | 7 |
_aUnited States _xForeign relations administration _vTextbooks. _2BUEsh |
|
| 653 |
_bBUSBOL _cFebruary2020 |
||
| 942 |
_2ddc _cBB |
||